JavaScript kompletní průvodce

Gespeichert in:
Bibliographische Detailangaben
1. Verfasser: Flanagan, David
Weitere Verfasser: Voráček, Karel, Krásenský, David
Format: Buch
Sprache:Tschechisch
Veröffentlicht: Praha Computer Press 2002
Ausgabe:2. aktualiz. vy.
Schlagworte:
Tags: Tag hinzufügen
Keine Tags, Fügen Sie das erste Tag hinzu!

MARC

LEADER 00000nam$a2200000$$$4500
001 0013196
005 20221207102648.9
020 |a 80-7226-626-8 
041 0 |a cze 
044 |a CZ 
245 1 0 |a JavaScript  |b kompletní průvodce  |c David Flanagan ; překlad: Karel Voráček, David Krásenský 
250 |a 2. aktualiz. vy. 
264 1 |a Praha  |b Computer Press  |c 2002 
300 |a xiv, 825 s. 
610 2 0 |a JavaScript 
610 2 0 |a softvér 
610 2 0 |a jazyky programovacie 
610 2 0 |a programovanie počítačov 
100 1 |a Flanagan, David 
700 1 |a Voráček, Karel 
700 1 |a Krásenský, David